1866 1287 1162 1665 1746 1067 1252 1801 1124 1554 1103 1463 1761 1907 1526 1715 1482 1103 1627 1191 1788 1506 1777 1523 1393 1186 1708 1807 1912 1611 1583 1830 1329 1710 1701 1328 1159 1530 1141 1836 1130 1030 1672 1305 1551 1021 1243 1198 1785 1528 1809 1975 1690 1904 1557 1365 1762 1525 1233 1016 1747 1918 1889 1562 1024 1158 1946 1802 1637 1467 1445 1881 1228 1640 1235 1246 1694 1973 1280 1255 1625 1139 1546 1206 1647 1376 1505 1298 1662 1195 1594 1880 1606 1870 1387 1191 1538 1583 1271 BCNSPRNW ULIB Ver.6.0+V

เปลี่ยนเป็นภาษาไทย

Change to English
 แสดงรายละเอียดบรรณานุกรม
  กลับหน้าหลัก

Brief Record : Get Marc (ISO 2709) : E-mail record : QR code < ปิดหน้าต่าง
LEADER : 00000nam 2200000uu 4500
001    13399122195
003     ULIB
008    130109s2555||||th 000 0 tha d
020    ^a9789740322634
060 04 ^aQU145^bพ725ส
100 0  ^aพิมลพรรณ อนันต์กิจไพศาล
245 10 ^aสารอาหารดีๆอยู่ 120 ปี ไม่มีโรค /^cพิมลพรรณ อนันต์กิจไพศาล
250    ^aพิมพ์ครั้งที่ 1
260    ^aกรุงเทพฯ :^bเก็ท ไอเดีย,^c2555
300    ^a208 หน้า :^bภาพประกอบ ;^c21 ซม.
650  7 ^aโภชนาการ
650  7 ^aรายการอาหาร
650  7 ^aสารอาหาร
650  7 ^aสุขภาพ
945    ^p159^l0^i19656
995    ^aกัณชพร
999 ^a ใช้งานได้ทุกระบบ
รายการนี้ยังไม่มีแท็ก
คุณยังไม่ได้ล็อกอิน คุณสามารถมีกิจกรรมร่วมกับเว็บไซต์ได้ แต่ต้องล็อกอินก่อน ::
  ล็อกอิน

รายการสื่อสารสนเทศ

ลำดับที่ ประเภท เลขเรียก/บาร์โค้ด สถานที่ สถานะ
1. การศึกษาทั่วไป
การศึกษาทั่วไป
สถานะ=หนังสือเก่า
QU145 พ725ส  
  Barcode: 19656
ห้องสมุดวิทยาเขตนครสวรรค์
►ส่วนจัดเก็บหนังสือเก่า นว.
บนชั้น
  ขอยืม

รายการใกล้เคียง
    ผู้แต่ง [พิมลพรรณ อนันต์กิจไพศาล]

    หัวเรื่อง [โภชนาการ]
    หัวเรื่อง [รายการอาหาร]
    หัวเรื่อง [สารอาหาร]
    หัวเรื่อง [สุขภาพ]

BibComment


ยังไม่เคยถูกคอมเมนท์

คอมเมนท์ทรัพยากรรายการนี้
  คอมเมนท์: สารอาหารดีๆอยู่ ..


 Copyright 2026. Bcnsprnw @Library